logo

Bir Sreshtho Munshi Abdur Rouf Library
Jhenaidah Cadet College

এক জেনারেলের নীরব সাক্ষ্য : (Record no. 12122)

MARC details
000 -LEADER
fixed length control field 00914nam a22002177a 4500
001 - CONTROL NUMBER
JCCL Control Number 12122
003 - CONTROL NUMBER IDENTIFIER
JCCL marc code BD-JhCC
005 - DATE AND TIME OF LATEST TRANSACTION
control field 20210316090253.0
008 - FIXED-LENGTH DATA ELEMENTS--GENERAL INFORMATION
fixed length control field 210316s2018 bg ||||| |||| 000 0 ben d
020 ## - INTERNATIONAL STANDARD BOOK NUMBER
International Standard Book Number 9844101751
035 ## - SYSTEM CONTROL NUMBER
system control number (BD-JhCC)12122
040 ## - CATALOGING SOURCE
Original cataloging agency BD-JhCC
Modifying agency BD-JhCC
041 ## - LANGUAGE CODE
Language code of Book ben
082 ## - DEWEY DECIMAL CLASSIFICATION NUMBER
Classification number 954.92051092
Author mark and Year CHO 2018
100 ## - MAIN ENTRY--PERSONAL NAME
Personal name চৌধুরী, মেজর জেনারেল মইনুল হোসেন
245 ## - TITLE STATEMENT
Title এক জেনারেলের নীরব সাক্ষ্য :
Remainder of title স্বাধীনতার প্রথম দশক /
Statement of responsibility, etc মেজর জেনারেল মইনুল হোসেন চৌধুরী
260 ## - PUBLICATION, DISTRIBUTION, ETC. (IMPRINT)
Place of publication, distribution, etc ঢাকা :
Name of publisher, distributor, etc মাওলা ব্রাদার্স,
Date of publication, distribution, etc ২০১৮.
300 ## - PHYSICAL DESCRIPTION
Pagination ১৭৫ পৃ. :
Dimensions ২১ সেমি.
650 ## - SUBJECT ADDED ENTRY--TOPICAL TERM
Topical term or geographic name as entry element Personal narratives
Form subdivision History
General subdivision Revolution
Chronological subdivision 1971
Geographic subdivision Bangladesh
942 ## - ADDED ENTRY ELEMENTS (KOHA)
Source of classification or shelving scheme Dewey Decimal Classification
Koha item type Books
Holdings
Source of classification or shelving scheme Damaged status Not for loan Home library Current library Shelving location Date of accession Cost, normal purchase price Total Checkouts Full call number Barcode Date last seen Date checked out Copy number Koha item type
Dewey Decimal Classification     JCC Rouf Library JCC Rouf Library General Stacks 03/16/2021 220.00 2 954.92051092 CHO 2018 16535 12/24/2024 10/26/2024 C-1 Books

JCC Library | Contacts | JCC Home

Last Update on 23 September 2017
Copyright @ 2017-2020 JCC Rouf Library
Rouf Library, Jhenidah Cadet College (JCC), Bangladesh